00198nam a2200073Ia 4500020001900000100001700019245004700036008004100083 a9780799363166" aPalmer, Jose 0aLEER MY LEES VLAK 1: BOEK 3: TIPPIE SE JAS210805s9999 xx 000 0 und d